Changes in world economic environment in the last two decades of the 20th century summary and conclusions

Salvato in:
Dettagli Bibliografici
Natura: Libro
Lingua:inglese
Pubblicazione: Budapest Hungarian Scientific Council for World Economy 1981
Tags: Aggiungi Tag
Nessun Tag, puoi essere il primo ad aggiungerne!!

MARC

LEADER 00000nam a2200000 4500
001 c137826
005 20041019155311.2
041 0 |a eng 
044 |a HU 
245 1 0 |a Changes in world economic environment in the last two decades of the 20th century  |b summary and conclusions 
264 1 |a Budapest  |b Hungarian Scientific Council for World Economy  |c 1981 
300 |a 92 s.